Dlžníci a veritelia v Európskej únii bakalárska práca

Gespeichert in:
Bibliographische Detailangaben
1. Verfasser: Šmulíková, Simona
Körperschaft: Obchodná fakulta EU. Katedra medzinárodného obchodu
Weitere Verfasser: Fifek, Edmund
Format: Buch
Sprache:Slowakisch
Veröffentlicht: Bratislava 2015
Tags: Tag hinzufügen
Keine Tags, Fügen Sie das erste Tag hinzu!

MARC

LEADER 00000nbm a2200000 4500
001 0206527
005 20161212110459.2
041 0 |a slo 
044 |a SK 
245 1 0 |a Dlžníci a veritelia v Európskej únii  |b bakalárska práca  |c Simona Šmulíková ; školiteľ: Edmund Fifek 
264 1 |a Bratislava  |c 2015 
300 |a 59 s. 
100 1 |a Šmulíková, Simona 
700 1 |a Fifek, Edmund 
710 2 |a Obchodná fakulta EU. Katedra medzinárodného obchodu